Guia de Serveis del Departament d'Economia i Finances : 1991 1991
Descripción Física:
24 p. ; 21 cm
MARC
| LEADER | 00000nam a2200000Ia 4500 | ||
|---|---|---|---|
| 001 | 9496 | ||
| 008 | 160829s1991 xx 000 0 cat d | ||
| 080 | |a FU-15-26 | ||
| 110 | 1 | |a Catalunya. |b Departament d'Economia i Finances |9 52960 | |
| 245 | |a Guia de Serveis del Departament d'Economia i Finances : |b 1991 | ||
| 260 | |a Barcelona : |b Generalitat de Catalunya, |c 1991 | ||
| 300 | |a 24 p. ; |c 21 cm | ||
| 650 | |a Catalunya. Departament d'Economia i Finances |x Guies |9 23168 | ||
| 901 | |a Arxiu | ||
| 942 | |n 1 | ||
| 952 | |0 0 |1 0 |4 0 |6 FU1526 |7 1 |9 42568 |a Arxiu |b Arxiu |d 2016-12-01 |l 0 |o FU-15-26 |p 9496 |r 2016-12-01 00:00:00 |w 2016-12-01 |y ARXIU | ||
| 999 | |c 45073 |d 45073 | ||